Význam manažérskeho reportingu v konkurencieschopnosti agropodniku
Rozdielne prístupy k definovaniu pojmu reporting. Účel zostavovania manažérskeho reportingu. Druh manažérskeho reportingu. Obsah manažérskeho reportingu v agropodniku. Využitie segmentového reportingu v agrokomplexe. Manažérska výsledovka.
Enregistré dans:
| Auteur principal: | |
|---|---|
| Format: | Chapitre de livre |
| Langue: | slovaque |
| Sujets: | |
| Tags: |
Pas de tags, Soyez le premier à ajouter un tag!
|
MARC
| LEADER | 00000naa$a2200000$$$4500 | ||
|---|---|---|---|
| 001 | 0143992 | ||
| 005 | 20240502072559.8 | ||
| 041 | 0 | |a slo | |
| 044 | |a SK | ||
| 245 | 1 | 0 | |a Význam manažérskeho reportingu v konkurencieschopnosti agropodniku |c Alžbeta Foltínová |
| 520 | |a Rozdielne prístupy k definovaniu pojmu reporting. Účel zostavovania manažérskeho reportingu. Druh manažérskeho reportingu. Obsah manažérskeho reportingu v agropodniku. Využitie segmentového reportingu v agrokomplexe. Manažérska výsledovka. | ||
| 610 | 2 | 0 | |a podnik poľnohospodársky |
| 610 | 2 | 0 | |a reporting |
| 610 | 2 | 0 | |a informácie |
| 610 | 2 | 0 | |a kontroling |
| 610 | 2 | 0 | |a výsledok hospodársky |
| 610 | 2 | 0 | |a hospodárenie finančné |
| 610 | 2 | 0 | |a výsledovka |
| 100 | 1 | |a Foltínová, Alžbeta | |